Русская художественная культура конца ХІХ- начала ХХ века (1895-1907) (Запис № 313903)

МАРК-запис
000 -Лідер
fixed length control field 00788nam a22002417a 4500
003 - Ідентифікатор контрольного номера
control field UA-OsUOA
001 - Контрольний номер
control field 27556
007 - Фіксоване поле фізичного опису
fixed length control field ta
008 - Елементи даних фіксованої довжини – загальна інформація
fixed length control field 20040906b un ||||| |||| 00| 0 ukr d
090 ## - Локальний шифр розміщення
Класифікаційний індекс УДК 7.036
Авторський знак (НП) Р89
040 ## - Джерело каталогізації
Агенція оригінальної каталогізації UA-OsUOA
Мова каталогізації rus
Агенція, яка здійснювала перезапис UA-OsUOA
Агенція, яка здійснювала модифікацію UA-OsUOA
041 ## - Код мови
Код мови тексту/ звукової доріжки чи окремого заголовка (П) rus
080 ## - Індекс Універсальної десяткової класифікації
Індекс Універсальної десяткової класифікації (УДК) (НП) 7.036
044 ## - Код країни видавця/ виробника
Код країни видавця/ виробника (П) RU
245 ## - Відомості про назву
Назва (НП) Русская художественная культура конца ХІХ- начала ХХ века (1895-1907)
Дані про відповідальність (НП) Ред. А.Д.Алексеев Ю.С.Калашников В.С.Кружков А.А.Сидоров Г.Ю.Стернин
260 ## - Публікація, розповсюдження і т.п. (Вихідні дані)
Місце публікації, розповсюдження і т.п. (П) Наука
Ім’я/ наймення видавництва, розповсюджувача і т.п. (П) Москва
Дата публікації, розповсюдження і т.п. (П) 1968
246 31 - Інша форма назви
Назва (НП) Кн.1 Зрелищные искус
Номер частини/ розділ роботи (П)
300 ## - Фізичний опис
Обсяг 444 с.
Інші фізичні характеристики (НП) Ілюстрації
650 #7 - Додаткове предметне введення – тематичний термін
Джерело заголовка чи терміна UDC
942 ## - Додаткові елементи входу (Коха)
Тип елемента Koha Книги
955 ## - Код типу видання за змістом
Код типу видання за змістом (НП) інше
Фонди
Стан вилучень Стан втрат Джерело класифікації або схеми стелажів Стан уражень Не для кредиту Постійне місце розташування Поточне розміщення Дата придбання Вартість, звичайна ціна покупки Інвентарний номер Усього замовленно Повний номер виклику Штрих-код Дата останнього перегляду Ціна ефективна від Тип елемента Koha
    Universal Decimal Classification     ЧЗ - Читальна зала ЧЗ - Читальна зала 06/09/2004 40.00 70298   7.036 Р89 70298 08/02/2022 06/09/2004 Книги